00584 2200205 4500001002100000005001700021035002400038040001200062082001100074084001700085100003600102245012100138250001000259260003200269300002300301650001600324850001200340990001500352990001100367YOGYA00000000000057420160905113009.0 0010-081400000000614 aYOPDYOG a297.32 a297.32 Haj B aHaji ZA, Al Ustadz Kurdi Ismail aBenteng Raksasa Mukmin :bAmalan-Amalan Ampuh Ulama Salaf Untuk Menghadapi Sesuatu /cAl Ustadz Kurdi Ismail Haji ZA aCet 1 aPekalonganbAl Ihwanic1992 a165 hlm. ;c21 cm. aDoa (Islam) aYOPDYOG a76708-P/95 a9400-P